[Event "Saint Louis Blitz 2020"]
[Site "Saint Louis"]
[Date "2020.09.19"]
[Round "12"]
[White "Nepomniachtchi, Ian"]
[Black "Aronian, Levon"]
[Result "0-1"]
[WhiteElo "2784"]
[BlackElo "2773"]
[Annotator "TA"]
[PlyCount "102"]
[EventDate "2020.09.18"]
[EventType "blitz"]
[EventCountry "USA"]
[SourceTitle "playchess.com"]
[Source "ChessBase"]
[SourceQuality "1"]

{[%evp 9,102,0,16,12,22,12,13,15,18,-8,-6,-28,-1,-22,6,-29,10,-42,18,0,10,0,73,20,20,17,15,0,27,30,36,0,-3,-3,-8,-14,0,-14,-13,-76,-76,-73,-77,-74,-72,-81,-75,-155,-145,-215,-212,-222,-219,-200,-206,-251,-243,-260,-271,-216,-41,-20,-13,-389,-389,-367,-358,-366,-354,-544,-267,-248,-241,-5306,-6403,-6403,-6400,-5206,-695,-684,-680,-622,-587,-488,-463,-5093,-5093,-5069,-5069,-4132,-1361,-4133,-4132,-29991,-29992]} 1. b3 d5 2. Bb2 Bf5 3. d3 e6 4. Nd2 Nf6 5. g3 h6 6. Bg2 {A01: Nimzowitsch-Larsen Opening.} Bh7 {[#]} 7. a3 $146 ({Predecessor:} 7. e4 Bb4 8. c3 Be7 9. Qe2 O-O 10. Nh3 Nbd7 11. f4 a5 12. a3 c6 13. Nf2 {1-0 (41) Sosa,T (2508)-Perez Garcia,A (2347) Linares 2019}) 7... Be7 8. e4 {The position is equal.} O-O 9. Qe2 c5 10. Ngf3 Nc6 11. O-O Qc7 12. Rfe1 Rfd8 13. Rad1 (13. exd5 $11 exd5 14. Rab1) 13... a5 (13... d4 $15) 14. a4 Nb4 15. Rc1 Rac8 (15... c4 $11 {keeps the balance.} 16. exd5 (16. bxc4 dxe4 17. Nxe4 Nxe4 $11) 16... c3 17. Bxc3 Qxc3 18. dxe6 Qc7) 16. Ne5 ({Better is} 16. exd5 $16 Nfxd5 17. Nc4) 16... Na2 17. Ra1 Nb4 18. Rac1 Na2 19. Rcd1 Nb4 20. Nf1 c4 $36 {[%mdl 2048] Hoping for ...c3. Black is more active.} 21. bxc4 {Black must now prevent exd5.} dxe4 22. dxe4 Na6 {[%cal Bb4a6,Ba6c5,Bc5e4][%mdl 32]} 23. Rxd8+ Rxd8 24. Ng4 (24. Nd2 $11 {remains equal.}) 24... Nxg4 $17 25. Qxg4 {[%csl Gb2][%cal Rg4g7]} Bf8 26. Ne3 Nc5 27. Ra1 Qc6 28. e5 (28. Ba3 $142) 28... Be4 29. Bxe4 (29. Qh3 $17 {was forced.}) 29... Nxe4 $19 30. Qf3 Rd2 $1 {[%cal Rd2f2]} 31. Rf1 Bc5 32. Bc1 {[#]} Bxe3 $1 {[%mdl 64] Discovered Attack} 33. Bxd2 Bxd2 34. Rd1 Qxc4 $2 (34... g6 $19 {And now ...Bc3 would win.} 35. h4 Kf8) 35. Qd3 $15 Qc6 {aiming for ...Bg5.} 36. Rxd2 $2 {[%mdl 8192] Now White is beyond hope.} (36. Qd8+ $1 $11 {and White stays safe.} Kh7 37. Qd3) 36... Nxd2 $19 37. Qxd2 Qxa4 $11 {[%mdl 4096] Endgame KQ-KQ} 38. Qd8+ Kh7 39. Qc7 (39. Qd3+ $142 g6 40. Qf3) 39... Qc6 (39... Qa1+ $142 40. Kg2 a4) 40. Qxa5 $19 Qxc2 {...Qb1+ is the strong threat.} 41. h4 $2 (41. Qb6 Qd1+ 42. Kg2) 41... Qb1+ 42. Kh2 b5 43. Qa7 Qf5 (43... b4 $142 44. g4 b3 45. Qxf7 b2 46. Qxe6 Qe4) 44. Qd4 b4 {[%mdl 64] Deflection} 45. Qxb4 Qxf2+ 46. Kh3 Qf5+ 47. Kh2 (47. Kg2 $142 Qxe5 48. Kf2) 47... Qxe5 48. Qb7 Qf5 49. Qd7 h5 (49... Qf2+ $142 50. Kh3 {[#]} Qf3 $1 {[%mdl 512]}) 50. Kg2 Qd5+ 51. Kf2 Qxd7 {Accuracy: White = 48%, Black = 72%.} 0-1

[Event "Saint Louis Blitz 2020"]
[Site "Saint Louis"]
[Date "2020.09.19"]
[Round "12"]
[White "Grischuk, Alexander"]
[Black "Harikrishna, Pentala"]
[Result "1/2-1/2"]
[WhiteElo "2777"]
[BlackElo "2732"]
[Annotator "TA"]
[PlyCount "90"]
[EventDate "2020.09.18"]
[EventType "blitz"]
[EventCountry "USA"]
[SourceTitle "playchess.com"]
[Source "ChessBase"]
[SourceQuality "1"]

{[%evp 13,90,31,59,53,81,6,27,11,12,16,16,12,23,27,18,15,23,14,22,22,14,10,29,21,129,104,110,22,22,22,26,24,24,18,91,92,93,19,16,17,46,22,18,18,18,0,8,8,8,8,8,8,8,8,8,8,8,8,8,8,8,0,0,0,0,0,0,0,0,0,0,0,0,0,0,0,0,0,0]} 1. e4 c6 2. d4 d5 3. e5 Bf5 4. Nf3 e6 5. Be2 c5 6. Be3 Qb6 $1 {[%mdl 4] now scores much better than the old 6...cxd4. Played by Maxime Vachier Lagrave in May 2020.} 7. Nc3 Nc6 8. O-O {Hoping for dxc5. B12: Caro-Kann: Advance Variation.} Qxb2 9. Qe1 (9. Nb5 $16) 9... cxd4 $11 10. Bxd4 {White has an edge.} Nxd4 ({But not} 10... Qxc2 $2 11. Rc1 $18) ({Avoid the trap} 10... Bxc2 $2 11. Nb5 $18) 11. Nxd4 Bb4 12. Rb1 Bxc3 13. Rxb2 Bxe1 14. Rxe1 b6 $1 15. h4 {Strongly threatening g4.} h5 16. Nxf5 exf5 17. c4 {[#]} d4 $146 ({Predecessor:} 17... Ne7 18. Rd2 O-O-O 19. Red1 d4 20. f4 Ng6 21. g3 Nf8 22. Rxd4 Rxd4 23. Rxd4 Ne6 24. Rd5 g6 25. Kf2 Nc5 26. Ke3 {½-½ (26) Tarrio Ocana,F (2453)-Brewer,S (2437) ICCF email 2019}) 18. c5 Ne7 (18... Rh6 $1 $11) 19. cxb6 $16 axb6 20. Bb5+ ({Better is} 20. Rxb6 $16 {And now Bb5+ would win.} Rh6 21. Rb7) 20... Kf8 $11 21. Rd2 Rd8 22. Red1 Ng6 23. Rxd4 Rxd4 (23... Ke7 $11 {keeps the balance.}) 24. Rxd4 {[%mdl 4096] Endgame KRB-KRN} Ke7 {[#]} 25. Rd7+ (25. f4 $1 $16) 25... Ke6 26. Rb7 Ra8 27. a4 f4 {The position is equal.} 28. Rxb6+ Kxe5 29. Ra6 (29. g3 {feels hotter.} fxg3 30. fxg3 Kd4 31. Rd6+ Kc5 32. Ra6) 29... Rxa6 (29... Rd8 {keeps more tension.} 30. Be2 Nxh4 31. Bxh5 g6 32. Be2 Nf5) 30. Bxa6 Nxh4 {KB-KN} 31. Bc4 f6 32. Bf7 g6 33. Kh2 Kd6 34. Kh3 g5 $1 35. Bxh5 Kc5 36. Be8 Kb4 37. Bc6 Ng6 38. g3 Ne5 39. Bb5 fxg3 40. Kxg3 f5 41. f4 gxf4+ 42. Kxf4 {[%mdl 64] [#] Double Attack} Nc4 43. Bxc4 Kxc4 44. Kxf5 Kb4 45. Kg6 Kxa4 {Accuracy: White = 86%, Black = 82%.} 1/2-1/2

[Event "Saint Louis Blitz 2020"]
[Site "Saint Louis"]
[Date "2020.09.19"]
[Round "12"]
[White "Dominguez Perez, Leinier"]
[Black "Nakamura, Hikaru"]
[Result "0-1"]
[WhiteElo "2758"]
[BlackElo "2736"]
[Annotator "TA"]
[PlyCount "122"]
[EventDate "2020.09.18"]
[EventType "blitz"]
[EventCountry "USA"]
[SourceTitle "playchess.com"]
[Source "ChessBase"]
[SourceQuality "1"]

{[%evp 15,122,35,30,28,28,28,19,26,29,29,29,26,13,22,69,68,83,83,83,72,93,61,70,0,61,61,61,63,149,152,148,154,145,140,141,92,100,96,95,90,89,95,97,92,102,106,123,112,145,145,145,143,144,141,187,169,195,193,199,181,176,181,188,0,173,0,193,193,197,200,192,185,184,0,70,0,204,183,196,171,178,193,191,0,181,0,185,174,185,156,129,64,58,58,60,-51,-31,-164,-171,-170,-168,-150,-117,-174,-174,-1613,-1512,-1507,-1379]} 1. e4 e5 2. Nf3 Nc6 3. Bb5 a6 4. Ba4 d6 5. c3 Bd7 6. d4 Nf6 7. O-O g6 8. Re1 Bg7 9. h3 {C79: Ruy Lopez: Steinitz-type lines with 3...a6 4 Ba4 Nf6 5 0-0 d6.} O-O 10. Bc2 Re8 11. Nbd2 {[%cal Bb1d2,Bd2f1,Bf1g3][%mdl 32] The position is equal.} b5 12. Nf1 Na5 13. Ng3 c5 14. d5 h6 15. b3 Nb7 16. Be3 {[#]} Qc7 $146 ({Predecessor:} 16... Qe7 17. Nh2 Kh7 18. Qd2 Ng8 19. f3 h5 20. Rf1 h4 {1-0 (35) Read,M-Rikman,M ICCF corr 1984}) 17. Qd2 Kh7 18. Rf1 a5 19. Nh2 ({Better is} 19. Rab1 $14) 19... a4 (19... c4 $11) 20. b4 $14 Rac8 {Black wants to play ...cxb4.} 21. Bd3 cxb4 (21... h5 $14) 22. cxb4 $16 Qc3 23. Rac1 Qxd2 24. Bxd2 h5 25. Rxc8 Rxc8 26. Rc1 Rxc1+ 27. Bxc1 Ne8 28. Ne2 Nc7 29. Nc3 f5 30. Nf3 Bf6 31. Be3 fxe4 32. Bxe4 Bf5 {next ...Bxe4 is good for Black.} 33. Nd2 Kg7 34. f3 h4 35. Ndb1 Na6 {[#]} 36. a3 $1 ({Much less strong is} 36. Nxb5 $6 Nxb4 37. N1c3 Bd8 $16) 36... Nc7 37. Bb6 Na8 38. Ba7 Nc7 39. Bb6 Na8 $1 {[%cal Ra8b6]} 40. Be3 Nc7 $1 41. Kf2 Kf7 42. Bb6 Na8 {[#]} 43. Ba7 $1 Nc7 44. Bb6 (44. Be3 $18) 44... Na8 $1 $14 {[%cal Ra8b6]} 45. Be3 (45. Bxf5 $14 gxf5 46. Be3) 45... Nc7 $18 46. Ke2 Ke7 47. Bb6 $36 {[%mdl 2048] White is in control.} Na8 48. Ba7 Nc7 49. Bb6 Na8 50. Be3 Nc7 51. Bd3 Kf7 52. Nd2 e4 53. Ndxe4 (53. fxe4 $16 Bxc3 54. exf5 gxf5 55. Bf2 (55. Bxf5 Nxd5 56. Be4 Nxe3 $16)) 53... Bxe4 $14 54. Nxe4 Bb2 55. Bb6 ({White should play} 55. Kd1 $14) 55... Nxd5 $15 56. Be3 (56. Ba5 $1 $15) 56... Nxe3 $19 57. Kxe3 d5 58. Ng5+ Kf6 59. f4 (59. Nh7+ $17 Kg7 60. Ng5) 59... Bxa3 60. Bxb5 $2 (60. Kd4) 60... Bc1+ 61. Kd3 a3 {Accuracy: White = 71%, Black = 86%.} 0-1

[Event "Saint Louis Blitz 2020"]
[Site "Saint Louis"]
[Date "2020.09.19"]
[Round "12"]
[White "Firouzja, Alireza"]
[Black "Xiong, Jeffery"]
[Result "0-1"]
[WhiteElo "2728"]
[BlackElo "2709"]
[Annotator "TA"]
[PlyCount "116"]
[EventDate "2020.09.18"]
[EventType "blitz"]
[EventCountry "USA"]
[SourceTitle "playchess.com"]
[Source "ChessBase"]
[SourceQuality "1"]

{[%evp 9,116,54,61,47,53,45,52,25,30,5,12,0,8,-39,-27,-27,-40,-38,-20,-53,-54,-58,-53,-52,-60,-62,-66,-63,-54,-62,-39,-39,-41,-47,-23,-56,-39,-57,0,-37,0,-41,0,-40,0,0,11,20,17,-9,0,0,0,-58,-29,-63,-69,-190,-145,-210,-221,-387,-369,-408,-405,-385,-361,-489,-494,-603,-555,-634,-427,-591,-911,-856,-879,-687,-691,-853,-866,-915,-1258,-1254,-1221,-1265,-1250,-1286,-1247,-1445,-1391,-1112,-1257,-1135,-1051,-12832,-12826,-5081,-1758,-3340,-2158,-12842,-12842,-12844,-12842,-12844,-12844,-12846,-12845]} 1. e4 d5 2. exd5 Qxd5 3. Nc3 Qd8 4. d4 Nf6 5. Nf3 g6 6. Bf4 {B01: Scandinavian Defence.} Bg7 7. Qd2 a6 8. Bc4 {White is slightly better.} O-O {[#]} 9. Bb3 $146 ({Predecessor:} 9. Bh6 b5 10. Bb3 Bb7 11. Bxg7 Kxg7 12. Qf4 Qd6 13. Qh4 Bxf3 14. gxf3 Nc6 15. O-O-O {0-1 (36) Rodin,M (2320)-Bartel,M (2643) chess.com INT 2020}) 9... Nc6 10. O-O-O Bg4 11. d5 Bxf3 12. gxf3 Na5 13. Bh6 c6 14. Bxg7 Kxg7 15. Rhe1 Qc7 16. Qe3 Rfe8 (16... Qxh2 17. Rh1 $18) 17. dxc6 Nxb3+ 18. axb3 Qxc6 19. Rd4 b5 20. Red1 Rac8 21. R1d2 a5 22. Ne4 Rc7 23. Kb1 Rcc8 (23... h5 $15) 24. h4 Ra8 25. R2d3 Rac8 26. Rd2 Ra8 27. Ng3 a4 28. b4 h5 29. Ne4 Nxe4 30. fxe4 Rec8 31. Rd7 (31. f4 $11) 31... Qf6 $1 $15 32. Qd4 Rc4 33. Qd5 {This costs White the game.} (33. Qxf6+ $15 Kxf6 34. f3) 33... Ra6 34. Qxb5 (34. e5 $17 Qe6 35. Qxb5) 34... Rxe4 $40 {[%mdl 128] Black goes for the king.} 35. Ka2 $2 (35. c3 {might work better.}) 35... Rb6 36. Qc5 Rexb4 {[%csl Gb4,Gb6][%cal Rf6b2] [#]} 37. c3 Qe6+ 38. Ka1 Rxh4 {Black is clearly winning.} 39. Rd1 a3 40. b4 Rc4 41. Qg5 Rxc3 {Hoping for ...Rd6.} 42. Rxe7 {[#]} Qf6 $1 43. Qxf6+ Kxf6 {[%mdl 4096] Endgame KRR-KRR} 44. Re4 Rf3 45. Rd2 g5 46. Ka2 h4 47. Rd8 h3 48. Rh8 Ra6 49. Re2 Kg7 50. Rh5 Kg6 51. Rh8 Rb6 52. Rg8+ Kf5 53. Rc2 f6 (53... Rxb4 $142 54. Rc5+ Ke4) 54. Rc5+ Kg4 55. Rh8 Rxb4 56. Ka1 Rbf4 57. Ra5 Rxf2 {( -> ...Rc4)} 58. Rxa3 Rf1+ {Accuracy: White = 40%, Black = 87%.} 0-1

[Event "Saint Louis Blitz 2020"]
[Site "Saint Louis"]
[Date "2020.09.19"]
[Round "13"]
[White "Aronian, Levon"]
[Black "Carlsen, Magnus"]
[Result "1/2-1/2"]
[WhiteElo "2773"]
[BlackElo "2863"]
[Annotator "TA"]
[PlyCount "37"]
[EventDate "2020.09.18"]
[EventType "blitz"]
[EventCountry "USA"]
[SourceTitle "playchess.com"]
[Source "ChessBase"]
[SourceQuality "1"]

{[%evp 17,37,0,0,0,9,0,21,-12,68,27,20,20,6,19,12,31,26,0,0,0,8,0]} 1. e4 e5 2. Nf3 Nc6 3. Bc4 Bc5 4. c3 Nf6 5. d4 exd4 6. e5 d5 7. Bb5 Ne4 8. cxd4 Bb6 9. Nc3 O-O 10. Be3 {C54: Giuoco Piano: 4 c3 Nf6, main lines with 5 d4 and 5 d3.} Bg4 11. h3 Bh5 12. Qc2 f5 $5 {[%mdl 4] 12...Nxc3 is a critical line. An interesting side line.} (12... Ba5 $11) 13. Nxd5 {And now Nf4 would win.} (13. Bxc6 $5 bxc6 14. Ne2 $14) 13... Ba5+ $1 {[#]} (13... Qxd5 $2 14. Bc4 $18) 14. Ke2 $146 (14. Nc3 Nxc3 15. bxc3 Bxf3 $17) ({Predecessor:} 14. Kf1 Kh8 15. Bxc6 bxc6 16. Nf4 Bf7 17. Qa4 Bb6 18. Qxc6 g5 19. Ne6 Bxe6 20. Qxe6 {1-0 (39) Kowalski,I (2088)-Holownia,M (2006) Szklarska Poreba 2016}) 14... Nxd4+ ({Don't blunder} 14... Qxd5 $2 15. Bc4 $18) 15. Bxd4 {[#] Rhd1 is the strong threat.} Nd2 $1 ({Not} 15... Qxd5 $2 16. Bc4 $18) 16. Qc5 {Strongly threatening e6.} Ne4 17. Qc2 Nd2 $1 ({Wrong is} 17... Qxd5 $2 18. Bc4 $18) 18. Qc5 {aiming for e6.} Ne4 19. Qc2 {Accuracy: White = 71%, Black = 89%.} 1/2-1/2

[Event "Saint Louis Blitz 2020"]
[Site "Saint Louis"]
[Date "2020.09.19"]
[Round "13"]
[White "So, Wesley"]
[Black "Dominguez Perez, Leinier"]
[Result "1-0"]
[WhiteElo "2770"]
[BlackElo "2758"]
[Annotator "TA"]
[PlyCount "63"]
[EventDate "2020.09.18"]
[EventType "blitz"]
[EventCountry "USA"]
[SourceTitle "playchess.com"]
[Source "ChessBase"]
[SourceQuality "1"]

{[%evp 9,63,9,12,0,6,0,-11,-11,-5,-15,-9,-8,8,3,18,20,35,14,37,0,35,0,0,0,0,0,31,0,45,46,46,0,0,0,19,12,0,-39,-21,-34,61,62,67,81,106,101,243,243,242,0,0,0,220,217,901,887]} 1. Nf3 d5 2. e3 Nf6 3. c4 e6 4. b3 b6 5. Bb2 Bb7 6. Nc3 {A13: English Opening: 1...e6.} Nbd7 7. cxd5 exd5 8. d4 {The position is equal.} Bd6 9. g3 {[#]} Qe7 $146 ({Predecessor:} 9... O-O 10. Bg2 Ba6 11. Ne2 Bb4+ 12. Kf1 Ne4 13. Kg1 Re8 14. Nf4 c6 15. Rc1 Rc8 {½-½ (33) Harutyunian,T (2551)-Sargsyan,S (2594) Jermuk 2020}) 10. Bg2 a6 11. O-O O-O-O 12. a4 {[%cal Ba2a4,Ba4a5][%mdl 32]} h5 13. a5 b5 $1 14. h4 Ne4 15. Qc2 Kb8 16. Rfc1 Nxc3 17. Qxc3 f6 18. Qd3 Qe6 19. Rc2 Rdg8 20. Qd2 g5 21. Ba3 $1 Bxa3 22. Rxa3 Nf8 23. Qc3 Rh7 24. hxg5 h4 (24... Ng6 $15) 25. Nxh4 $14 fxg5 26. Nf3 $36 {[%mdl 2048] Keeping Black busy.} g4 {[#]} 27. Ne5 $1 ({Much worse is} 27. Nh4 $6 Qh6 $11) 27... Rgh8 {[#]} (27... Ka8 $16 {keeps fighting.}) 28. Nc6+ $1 $18 Kc8 29. Na7+ Kb8 30. Nc6+ Kc8 $1 {intending ...Rh2.} 31. Qc5 Qf6 $2 (31... Qd7 32. Qxd5 (32. Bxd5 $2 Ne6 $19) 32... Qxd5 33. Bxd5 Rh5) 32. Qxd5 {Accuracy: White = 82%, Black = 63%.} 1-0

[Event "Saint Louis Blitz 2020"]
[Site "Saint Louis"]
[Date "2020.09.19"]
[Round "13"]
[White "Harikrishna, Pentala"]
[Black "Nepomniachtchi, Ian"]
[Result "1/2-1/2"]
[WhiteElo "2732"]
[BlackElo "2784"]
[Annotator "TA"]
[PlyCount "53"]
[EventDate "2020.09.18"]
[EventType "blitz"]
[EventCountry "USA"]
[SourceTitle "playchess.com"]
[Source "ChessBase"]
[SourceQuality "1"]

{[%evp 9,53,6,9,16,8,17,18,7,17,6,16,-13,0,0,1,7,6,0,39,24,34,26,34,0,7,-20,71,66,60,70,79,70,66,66,145,140,235,0,0,0,73,74,97,102,114,-656]} 1. e4 c5 2. Nf3 d6 3. d4 cxd4 4. Qxd4 Nf6 5. Be2 Nc6 6. Qe3 {B53: Sicilian: 2...d6: Lines with Qxd4.} g6 7. O-O Bg7 8. Rd1 {The position is equal.} O-O 9. h3 Nd7 10. Nc3 b6 {[#]} 11. Rb1 $146 ({Predecessor:} 11. Nd5 Bb7 12. c3 Rc8 13. Qf4 Nde5 14. Nxe5 Bxe5 15. Qh4 e6 16. Qxd8 Rfxd8 17. Ne3 {½-½ (39) Pichot,A (2630)-L'Ami,E (2620) chess24.com INT 2020}) 11... Bb7 12. Nd5 Rc8 13. c4 e6 14. Nc3 $36 {[%mdl 2048] White has some pressure.} Qe7 15. b3 Rfd8 16. Bb2 Nc5 17. Nb5 Bxb2 (17... e5 $11) 18. Rxb2 $16 a6 19. Nc3 Ne5 20. Rbd2 Nxf3+ 21. Bxf3 e5 (21... Bc6 $14) 22. Bg4 Rb8 (22... Rc7 $16 {was necessary.}) 23. Nd5 $2 {[#]} (23. b4 $18) 23... Bxd5 $1 $11 24. cxd5 b5 (24... a5 $11 {remains equal.}) 25. b4 $16 {White is better.} Na4 26. Rc2 Nb6 27. Rc7 $2 {[%mdl 40960] Accuracy: White = 71%, Black = 66%. . An unexpected result.} (27. Be2 $16) 1/2-1/2

[Event "Saint Louis Blitz 2020"]
[Site "Saint Louis"]
[Date "2020.09.19"]
[Round "13"]
[White "Firouzja, Alireza"]
[Black "Nakamura, Hikaru"]
[Result "0-1"]
[WhiteElo "2728"]
[BlackElo "2736"]
[Annotator "TA"]
[PlyCount "126"]
[EventDate "2020.09.18"]
[EventType "blitz"]
[EventCountry "USA"]
[SourceTitle "playchess.com"]
[Source "ChessBase"]
[SourceQuality "1"]

{[%evp 9,126,16,16,15,22,11,10,10,10,10,13,14,18,-20,12,-15,-24,-24,104,-15,-12,-31,92,103,256,281,255,214,204,-15,161,156,158,157,184,172,172,171,175,170,183,175,200,191,238,247,237,160,263,262,256,238,315,309,355,361,325,277,364,199,191,204,190,86,109,112,145,153,188,174,200,149,185,152,173,33,49,8,8,0,0,0,16,0,8,0,31,0,0,0,32,33,31,12,13,0,0,0,0,0,0,0,0,0,0,0,0,-206,-199,-742,-692,-29960,-5756,-5161,-4794,-29969,-29971,-29970,-29957]} 1. e4 e5 2. Nf3 Nc6 3. Bb5 Nf6 4. d3 Bc5 5. Bxc6 dxc6 6. O-O {C65: Ruy Lopez: Berlin Defence (3...Nf6), unusual lines and 4 0-0 Bc5.} Bd6 7. Bg5 h6 8. Bh4 {[#] The position is equal.} Qe7 $146 ({Predecessor:} 8... Bg4 9. Nbd2 g5 10. Bg3 Nh5 11. Nc4 Nxg3 12. fxg3 Qe7 13. c3 O-O-O 14. b4 Kb8 {0-1 (28) Aronian,L (2773)-Nakamura,H (2736) chess24.com INT 2020}) 9. Nbd2 Bg4 10. Nc4 O-O-O 11. h3 Bh5 12. Qe2 g5 13. Bg3 g4 (13... Rdg8 $11) 14. hxg4 (14. Nfxe5 $16 {[%cal Rh3g4]} gxh3 15. Qe3) 14... Bxg4 $11 15. Bh4 Rdg8 (15... Qe6 $15) 16. d4 $1 $36 {[%cal Rd4e5][%mdl 2048] Black is under strong pressure.} exd4 $2 (16... Qe6 $16) 17. e5 $18 {[%mdl 64] Double Attack} Rg6 {White should prevent ...Qe6.} 18. Rae1 Rhg8 19. Bg3 $2 (19. Nxd6+ cxd6 20. Bxf6 Rxf6 $11) (19. Bxf6 Rxf6 20. exf6 (20. Nxd6+ Rxd6 21. exd6 Qxe2 $17) 20... Qxe2 $11) ({Better is} 19. Kh1 $18) 19... Nh5 $2 ({Avoid the trap} 19... Re8 $2 20. Qd2 $18) (19... Bc5 $1 $11 20. b4 (20. exf6 Qxe2 21. Rxe2 Bxf3 $17) 20... Nh5 21. bxc5 Qxc5) 20. exd6 Qxe2 21. Rxe2 Bxf3 22. gxf3 cxd6 23. Kh2 Nxg3 24. fxg3 b5 25. Na5 Kc7 26. Rg1 Kb6 27. Nb3 c5 28. Re7 Rf6 (28... Re6 $16 {keeps fighting.} 29. Rxe6 (29. Rxf7 Re2+ 30. Rg2 Rge8 $18) 29... fxe6) 29. Nd2 h5 30. Kg2 d5 31. Rh1 Rg5 32. Kf2 Rfg6 33. Nf1 ({Don't take} 33. Rxf7 Rxg3 34. Rh2 Rg1 $18) 33... Rf5 34. Re8 (34. f4 $142) 34... Re6 35. Rxe6+ fxe6 {[%mdl 4096] Endgame KRN-KR} 36. Rh4 (36. c3 $18) 36... e5 37. Ke2 c4 38. b4 a5 39. a3 $1 {[%cal Ba2a3,Ba3b4][%mdl 32]} axb4 40. axb4 Kc6 41. Nd2 Kd6 42. Rh1 (42. f4 $18 {aiming for Nf3.} e4 43. Nb1) 42... Rf8 $14 43. Rxh5 {Strongly threatening Rh6+.} Ra8 $1 44. Rh6+ Ke7 $1 45. Rh5 Kd6 46. Rh6+ Ke7 $1 47. Rh5 Ra2 48. Kd1 Ra1+ $1 49. Ke2 Rc1 50. Rxe5+ Kd6 51. Rh5 {Threatening Rh6+.} Rxc2 {...c3 is the strong threat.} 52. Kd1 Ra2 {Hoping for ...d3.} 53. Rh6+ Kc7 54. Rh7+ Kd6 55. Rh6+ Ke7 {White must now prevent ...d3.} 56. Rh7+ Ke6 57. Rh6+ Kf7 {And now ...d3 would win.} 58. Rh7+ $2 (58. Nb1 $11 {and White has nothing to worry.}) 58... Kg6 $1 $19 {[%cal Rg6h7][%mdl 1024] Black has strong compensation.} 59. Rd7 $2 {[#]} (59. Rc7 d3 60. Ke1) 59... d3 $1 {( -> ...Ra1+)} 60. Ke1 {[#]} c3 $1 61. Nb3 Rb2 62. Rxd5 Rxb3 63. Rxd3 Rb1+ {What a bad dream for White. Accuracy: White = 58%, Black = 67%.} 0-1

[Event "Saint Louis Blitz 2020"]
[Site "Saint Louis"]
[Date "2020.09.19"]
[Round "13"]
[White "Xiong, Jeffery"]
[Black "Grischuk, Alexander"]
[Result "1/2-1/2"]
[WhiteElo "2709"]
[BlackElo "2777"]
[Annotator "TA"]
[PlyCount "58"]
[EventDate "2020.09.18"]
[EventType "blitz"]
[EventCountry "USA"]
[SourceTitle "playchess.com"]
[Source "ChessBase"]
[SourceQuality "1"]

{[%evp 11,58,14,20,11,16,13,22,13,23,0,9,-8,14,1,3,5,0,2,40,2,30,0,28,34,34,38,74,68,97,38,89,4,15,0,0,0,0,0,0,0,0,-120,-7,-8,0,-126,-2,-4,0]} 1. d4 Nf6 2. Nf3 d5 3. c4 e6 4. g3 dxc4 5. Bg2 Bb4+ 6. Bd2 a5 7. Qc2 {E04: Open Catalan: 5 Nf3.} c5 8. dxc5 Bxc5 9. O-O {[#]} b6 $146 ({Predecessor:} 9... O-O 10. Na3 Nbd7 11. Nxc4 b6 12. Nfe5 Nd5 13. Nd3 Be7 14. Rfd1 Ba6 15. Rac1 Rc8 {½-½ (40) Boos,M (2403)-Kazoks,A (2250) ICCF email 2018}) 10. Na3 Bb7 11. Rad1 Qe7 12. Nxc4 O-O 13. Bc3 $36 {[%mdl 2048] Ng5 is the strong threat. Black is under pressure.} Nd5 14. Nfe5 Na6 15. a3 (15. e4 $5 {[%cal Re4d5]} Nf6 16. a3 $14) 15... Rfd8 16. Qb3 a4 (16... f6 {is more complex.} 17. Nd3 Nxc3 18. bxc3 Bxg2 19. Kxg2 Nc7) 17. Qxa4 Nxc3 18. bxc3 Bxg2 19. Kxg2 Nc7 20. Rxd8+ (20. Qb3 $16 {Strongly threatening Nc6.} Qg5 21. a4) 20... Rxd8 (20... Qxd8 $14 21. Qd7 Qxd7 22. Nxd7 Nd5) 21. Rd1 (21. Qb3 $16 {aiming for Nc6.} Nd5 22. e4 (22. Nc6 Qb7 $11)) 21... b5 22. Nc6 bxa4 23. Rxd8+ {[#]} Qxd8 $1 {[%mdl 512]} 24. Nxd8 $11 {[%mdl 4096] Endgame KBN-KNN} Nb5 25. Nb7 Be7 ({Of course not} 25... Bxa3 26. Nxa3 Nxa3 27. Nc5 $16) 26. Nba5 (26. f4 $11) 26... Nxc3 ({Reject} 26... Nxa3 $6 27. Nb2 $11) ({Better is} 26... Bxa3 $17 {White must now prevent ...Bc5.} 27. Nxa3 Nxa3) 27. Kf3 Nb5 28. Nb6 {[#]} (28. Nb2 $11) 28... Bxa3 (28... Bd8 $1 $17 {[%cal Rd8b6]} 29. Nac4 {[#]} Nxa3 $1 {[%mdl 512]}) 29. Nxa4 Kf8 {Accuracy: White = 61%, Black = 57%.} 1/2-1/2